000 01447nam a2200421 i 4500
001 41497
003 KOSZ 005
005 20221227092202.0
008 040823s2002 pl a f |100 0 pol
015 _aPB 2004/16140
020 _a8387382876
040 _aWA N
_cWA N
_dKOSZ 005/HR
046 _k2002
080 _a628.2
080 _a628.32
080 _a628.4
080 _a(06)
245 0 0 _aSieci kanalizacyjne i oczyszczalnie ścieków na terenach miejskich :
_bI Międzynarodowa Konferencja, Poznań 25-27 września 2001 /
_c[dobór mater. Marek Sozański, Katarzyna Ruszczak ; "Abrys" Grupa Konsultingowo Projektowa].
260 _aPoznań :
_b"Abrys",
_c[2002].
300 _a174 s. :
_bil., rys., tab., wykr. ;
_c30 cm.
336 _2rdacontent
_aTekst
_btxt
337 _2rdamedia
_aBez urządzenia pośredniczącego
_bn
338 _2rdacarrier
_aWolumin
_bnc
380 _aKsiążki
388 _a2001-
490 1 _a"Abrys" dla Środowiska : materiały konferencyjne.
504 _aBibliogr. przy pracach.
650 4 _aKanalizacja
650 4 _aMiasta
650 4 _aOczyszczalnia ścieków
655 4 _aMateriały konferencyjne
658 _aInżynieria i technika
700 1 _aSozański, Marek M.
_d(1942- )
_eWybór
700 1 _aRuszczak, Katarzyna
_eWybór
710 2 _a Abrys
_4pbl
830 0 _a"Abrys" dla Środowiska
942 _2UKD
_cKS
999 _c41497
_d41497